<?xml version="1.0" encoding="UTF-8"?>
<record
    xmlns:xsi="http://www.w3.org/2001/XMLSchema-instance"
    xsi:schemaLocation="http://www.loc.gov/MARC21/slim http://www.loc.gov/standards/marcxml/schema/MARC21slim.xsd"
    xmlns="http://www.loc.gov/MARC21/slim">

  <leader>01361nim a2200373 a 4500</leader>
  <datafield tag="999" ind1=" " ind2=" ">
    <subfield code="c">7620</subfield>
    <subfield code="d">7620</subfield>
  </datafield>
  <controlfield tag="001">991015306869706706</controlfield>
  <controlfield tag="003">OSt</controlfield>
  <controlfield tag="005">20211227145216.0</controlfield>
  <controlfield tag="007">s| |||||||||||</controlfield>
  <controlfield tag="008">021210s2001    sp ||||||         | cat|c</controlfield>
  <datafield tag="017" ind1=" " ind2=" ">
    <subfield code="a">DL M. 52089-2001</subfield>
  </datafield>
  <datafield tag="035" ind1=" " ind2=" ">
    <subfield code="a">(ES-BaCBU).b28774826</subfield>
  </datafield>
  <datafield tag="035" ind1=" " ind2=" ">
    <subfield code="a">(OCoLC)807887684</subfield>
  </datafield>
  <datafield tag="040" ind1=" " ind2=" ">
    <subfield code="a">ES-BaCBU</subfield>
    <subfield code="b">cat</subfield>
    <subfield code="c">CDMR</subfield>
  </datafield>
  <datafield tag="043" ind1=" " ind2=" ">
    <subfield code="a">e-sp---</subfield>
    <subfield code="b">e-spc---</subfield>
    <subfield code="2">catmarc</subfield>
  </datafield>
  <datafield tag="080" ind1=" " ind2=" ">
    <subfield code="a">654.191(467.1)(086.76)</subfield>
  </datafield>
  <datafield tag="245" ind1="0" ind2="0">
    <subfield code="a">Rne. 4</subfield>
    <subfield code="h">[Enregistrament sonor] :</subfield>
    <subfield code="b">25 anys a Catalunya : 1976-2001 : segur que et sona /</subfield>
    <subfield code="c">muntatge: Pere Ribera ; gui&#xF3;: Pere Font Grasa ; locuci&#xF3;: Pilar Sampietro</subfield>
  </datafield>
  <datafield tag="260" ind1=" " ind2=" ">
    <subfield code="a">[Madrid :</subfield>
    <subfield code="b">Radio Nacional de Espa&#xF1;a],</subfield>
    <subfield code="c">DL 2001</subfield>
  </datafield>
  <datafield tag="300" ind1=" " ind2=" ">
    <subfield code="a">2 discos sonors (CD) (78, 77 min) :</subfield>
    <subfield code="b">est&#xE8;reo;</subfield>
    <subfield code="c">12 cm</subfield>
  </datafield>
  <datafield tag="500" ind1=" " ind2=" ">
    <subfield code="a">Commemoraci&#xF3; del 25&#xE8; aniversari de R&#xE0;dio Nacional d'Espanya a Catalunya (R4)</subfield>
  </datafield>
  <datafield tag="505" ind1="8" ind2=" ">
    <subfield code="a">Cont&#xE9; fragments de programes</subfield>
  </datafield>
  <datafield tag="610" ind1="2" ind2="0">
    <subfield code="a">R&#xE0;dio 4</subfield>
    <subfield code="2">lemac</subfield>
    <subfield code="9">3699</subfield>
  </datafield>
  <datafield tag="650" ind1=" " ind2="0">
    <subfield code="9">3105</subfield>
    <subfield code="a">Radiodifusi&#xF3;</subfield>
    <subfield code="z">Catalunya</subfield>
    <subfield code="x">Hist&#xF2;ria</subfield>
  </datafield>
  <datafield tag="700" ind1="1" ind2=" ">
    <subfield code="a">Ribera, Pere.</subfield>
  </datafield>
  <datafield tag="700" ind1="1" ind2=" ">
    <subfield code="a">Font Grasa, Pere.</subfield>
  </datafield>
  <datafield tag="700" ind1="1" ind2=" ">
    <subfield code="a">Sampietro, Pilar.</subfield>
  </datafield>
  <datafield tag="710" ind1="2" ind2=" ">
    <subfield code="a">Radio Nacional de Espa&#xF1;a.</subfield>
  </datafield>
  <datafield tag="740" ind1="0" ind2=" ">
    <subfield code="a">25 anys a Catalunya</subfield>
  </datafield>
  <datafield tag="740" ind1="0" ind2=" ">
    <subfield code="a">Vint-i-cinc anys a Catalunya</subfield>
  </datafield>
  <datafield tag="907" ind1=" " ind2=" ">
    <subfield code="a">.b28774826</subfield>
    <subfield code="b">25-06-21</subfield>
    <subfield code="c">08-05-08</subfield>
    <subfield code="d">10-12-02</subfield>
    <subfield code="e">m</subfield>
    <subfield code="f">j</subfield>
    <subfield code="g">-</subfield>
    <subfield code="h">cat</subfield>
    <subfield code="i">sp</subfield>
    <subfield code="j">0</subfield>
    <subfield code="k">3</subfield>
  </datafield>
  <datafield tag="908" ind1=" " ind2=" ">
    <subfield code="a">UAB</subfield>
    <subfield code="a">UPF</subfield>
    <subfield code="a">GEPA</subfield>
  </datafield>
  <datafield tag="940" ind1=" " ind2=" ">
    <subfield code="a">UAB</subfield>
  </datafield>
  <datafield tag="942" ind1=" " ind2=" ">
    <subfield code="2">udc</subfield>
    <subfield code="c">ADV</subfield>
  </datafield>
  <datafield tag="952" ind1=" " ind2=" ">
    <subfield code="0">0</subfield>
    <subfield code="1">0</subfield>
    <subfield code="4">0</subfield>
    <subfield code="7">0</subfield>
    <subfield code="a">CDMR</subfield>
    <subfield code="b">CDMR</subfield>
    <subfield code="d">2021-12-27</subfield>
    <subfield code="e">Donaci&#xF3;</subfield>
    <subfield code="l">2</subfield>
    <subfield code="m">1</subfield>
    <subfield code="o">Capsa CD's 7</subfield>
    <subfield code="p">CDMR21120151</subfield>
    <subfield code="r">2024-09-23</subfield>
    <subfield code="s">2024-09-02</subfield>
    <subfield code="w">2021-12-27</subfield>
    <subfield code="y">MON</subfield>
  </datafield>
</record>
